| 000 | 01387nam a2200349Ia 4500 | ||
|---|---|---|---|
| 001 | ebr10278913 | ||
| 003 | CaPaEBR | ||
| 006 | m u | ||
| 007 | cr cn||||||||| | ||
| 008 | 080924s2008 enka sb 001 0 eng d | ||
| 010 | _z 2008277323 | ||
| 020 | _z9780199214976 (hbk.) | ||
| 020 | _z0199214972 (hbk.) | ||
| 040 |
_aCaPaEBR _cCaPaEBR |
||
| 035 | _a(OCoLC)317921824 | ||
| 050 | 1 | 4 |
_aQH542.5 _b.Z35 2008eb |
| 100 | 1 | _aZalasiewicz, J. A. | |
| 245 | 1 | 4 |
_aThe earth after us _h[electronic resource] : _bwhat legacy will humans leave in the rocks? / _cJan Zalasiewicz ; with contributions from Kim Freedman. |
| 260 |
_aOxford ; _aNew York : _bOxford University Press, _c2008. |
||
| 300 |
_axv, 251 p. : _bill. |
||
| 504 | _aIncludes bibliographical references (p. 243-246) and index. | ||
| 533 |
_aElectronic reproduction. _bPalo Alto, Calif. : _cebrary, _d2009. _nAvailable via World Wide Web. _nAccess may be limited to ebrary affiliated libraries. |
||
| 650 | 0 | _aBiogeomorphology. | |
| 650 | 0 | _aHistorical geology. | |
| 650 | 0 | _aPaleoanthropology. | |
| 650 | 0 | _aExtinction (Biology) | |
| 650 | 0 |
_aNature _xEffect of human beings on. |
|
| 655 | 7 |
_aElectronic books. _2local |
|
| 700 | 1 | _aFreedman, Kim. | |
| 710 | 2 | _aebrary, Inc. | |
| 856 | 4 | 0 |
_uhttp://site.ebrary.com/lib/rucke/Doc?id=10278913 _zAn electronic book accessible through the World Wide Web; click to view |
| 999 |
_c4368 _d4368 |
||